Historia de la fotografía
Uloženo v:
| Médium: | Kniha |
|---|---|
| Jazyk: | španělština |
| Vydáno: |
Pamplona
Salvat
1979
|
| Vydání: | 1a. ed |
| Témata: | |
| Tagy: |
Přidat tag
Žádné tagy, Buďte první, kdo vytvoří štítek k tomuto záznamu!
|
MARC
| LEADER | 00000cam a2200000 a 4500 | ||
|---|---|---|---|
| 001 | UCK2046 | ||
| 003 | CL-VaPUC | ||
| 008 | 041217e19790000SP |||||||||||||||||spa|d | ||
| 020 | |a 8434538199 | ||
| 082 | 0 | 4 | |a 770.9 |b HIS |2 21 |
| 245 | 1 | 0 | |a Historia de la fotografía |
| 250 | |a 1a. ed | ||
| 300 | |a 275 p | ||
| 942 | |c BK | ||
| 945 | |d 20041217 00:00:00 |a vberengu | ||
| 260 | |a Pamplona |b Salvat |c 1979 | ||
| 650 | 0 | |a Arte |x Reproducción |9 335508 | |
| 650 | 0 | |a Artes gráficas |9 265865 | |
| 650 | 7 | |a FOTOGRAFIA HISTORIA |2 CL-VaPUC |9 265544 | |
| 583 | |a last modification |c 20160617 12:50:24 |k Rodrigo Vera | ||
| 999 | |c 311706 |d 311704 | ||
| 952 | |0 0 |1 0 |4 0 |6 770_900000000000000_HIS_1979 |7 0 |8 R |9 381298 |a BIBART |b BIBART |d 2019-11-21 |i 4085426 |o 770.9 HIS 1979 |p 4085426 |r 2025-03-13 |w 2019-11-21 |y BK_R |k ART | ||
| 952 | |0 0 |1 0 |3 erd |4 0 |6 770_900000000000000_HIS_1979 |7 0 |8 C |9 381299 |a BIBCUR |b BIBCUR |i 5269822 |o 770.9 HIS 1979 |p 5269822 |r 2025-04-22 |w 2019-11-21 |y BK |z Catalogado en:20160623 |k EXP | ||